000 00445cam a2200157ua 4500
003 OSt
005 20260213114757.0
008 260213b |||||||| |||| 00| 0 eng d
041 _aeng
082 _a028.74621
_bWOR/EN
245 _aEnergy -development quality of life : Energie-development -qualite devie division-4
260 _aNewdelhi :
_bWorld energy conference ,
_c1985.
300 _a200 ; .
500 _a** Reference
942 _cBK
999 _c10047
_d10047